zpět

Detail výsledku týmu

Chicago Bar & Grill ÚT, Liberec

Datum a čas kvízu

38.5 Celkem bodů Celkový počet nahraných bodů na tomto kvízu bez doplňovacích otázek.
4. Pořadí na kvízu Konečné umístění týmu na tomto kvízu.

Zaznamenané odpovědi

# Otázka Odpověď Body Výsledky
1. Minulou středu schválila sněmo... Od roku 2027. 1
2. Ve švýcarském Curychu minulý t... čokoláda 1
3. Internetová platforma TikTok p... YouTube 0
4. Cena Ig Nobel Prize, tedy jaká... helium 1
5. Jak se jmenuje vítěz mužské dv... Dominic Thiem 1
6. Po dějinách Ukrajiny, které js... Štěpán I. (Svatý) 1
7. Jak se nazývá město v jižním M... Moháč 1
8. Jak se jmenoval dočasný státní... Maďarská republika rad 1
9. Období mezi lety 1969–1989 v M... János Kádár 1
10. Napište šestipísmennou zkratku... Fidesz 1